El sistema de unidades de trabajo escolar

Saved in:
Bibliografiske detaljer
Main Authors: Jones, Arthur J (Author), Grizzell, E. D (Author), Grinstead, Wren Jones (Author)
Format: Bog
Sprog:spansk
Udgivet: Ciudad de México UTEHA 1964
Fag:
Tags: Tilføj Tag
Ingen Tags, Vær først til at tagge denne postø!

MARC

LEADER 00000nam a2200000 a 4500
001 UCZ0723
003 CL-VaPUC
008 950809e19640000MX |||||||||||||||||spa|d
082 0 4 |a 371.3  |b JON  |2 21 
100 |a Jones, Arthur J  |e author  |9 544660 
700 0 |a Grizzell, E. D  |e author  |9 343904 
700 0 |a Grinstead, Wren Jones  |e author  |9 343905 
245 1 3 |a El sistema de unidades de trabajo escolar 
300 |a 283 p 
942 |c BK 
945 |d 19950809 00:00:00  |a cmena 
260 |a Ciudad de México  |b UTEHA  |c 1964 
650 0 |a Métodos de enseñanza  |9 270413 
650 0 |a Planificación de la educación   |9 307333 
650 7 |a PAPEL DE LA EDUCACION  |2 CL-VaPUC  |9 338800 
650 0 |a Filosofía de la educación   |9 258384 
650 0 |a Procesos de aprendizaje  |9 309161 
650 0 |a Motivación   |9 315362 
650 0 |a Actitud en el trabajo  |9 334791 
650 0 |a Alumnos   |9 335074 
583 |a last modification  |c 19950809 00:00:00  |k Rodrigo Vera 
999 |c 237632  |d 237630 
952 |0 0  |1 0  |4 0  |6 371_300000000000000_JON_1964  |7 0  |8 P  |9 247071  |a BIBEDU  |b BIBEDU  |c BIBEDU_PB  |d 2019-11-18  |i 1552538  |o 371.3 JON 1964  |p 1552538  |r 2024-01-25  |w 2019-11-18  |y BK  |k EDU 
952 |0 0  |1 0  |4 0  |6 371_300000000000000_JON_1964  |7 0  |8 P  |9 247072  |a BIBEDU  |b BIBEDU  |c BIBEDU_PB  |d 2019-11-18  |i 1552546  |o 371.3 JON 1964  |p 1552546  |r 2024-01-25  |w 2019-11-18  |y BK  |k EDU